| 000 | 00912nam a22002775a 4500 | ||
|---|---|---|---|
| 001 | 17734572 | ||
| 005 | 20201128020953.0 | ||
| 008 | 130511t2013 ne a fr 001 0 eng d | ||
| 010 | _a2012554037 | ||
| 020 | _a9780123944245 | ||
| 040 |
_aEG-ScBUE _beng _cEG-ScBUE |
||
| 082 | 0 | 4 |
_a621.381 _222 _bHAR |
| 100 | 1 |
_aHarris, David Money. _920610 |
|
| 245 | 1 | 0 |
_aDigital design and computer architecture / _cDavid Money Harris, Sarah L. Harris. |
| 250 | _a2nd ed. | ||
| 260 |
_aAmsterdam ; _bElsevier : _bMorgan Kaufmann, _cc.2013. |
||
| 300 |
_axxiv, 690 p. : _bill. ; _c24 cm. |
||
| 500 | _aIncludes appendix. | ||
| 500 | _aIndex : p. 675-690. | ||
| 650 | 7 |
_aDigital electronics. _910844 _2BUEsh |
|
| 650 | 0 |
_aLogic design _93913 |
|
| 650 | 7 |
_a Computer architecture. _92654 _2BUEsh |
|
| 653 |
_bENGELC _cOctober2013 _cApril2014 _cMarch2016 |
||
| 700 | 1 |
_aHarris, Sarah L. _933968 |
|
| 942 |
_2ddc _cBB _k621.381 HAR |
||
| 999 |
_c17618 _d17590 |
||